01255nam a22001457a 4500003000900000005001700009008004100026040001300067100003700080245008400117250001100201260003700212300001900249520084100268IT-RoPau20220918181103.0130408b xxu||||| |||| 00| 0 eng d cIT-RoPau aCentro di Spiritualità paolina a"Spezzate il pane della parola" bDossier per l'Anno Biblico Paolino 1991-1992. a1° ed aRomabCasa Generalizia SSPc1991 a139 pp.c29 cm aIndice Presentazione, di don Renato Perino Nota introduttiva, di don Guido gandolfo Don Franco Pierini, Don Alberione e la Bibbia (Abbozzo di ricerca storico-culturale). Don Alessandro Castegnaro, Don Alberione e San Paolo Don Angelo Colacrai, Gv 14,6 - Contenuto essenziale e motodo di spiritualità "paolina" Don Antonio F. da Silva, Gv 14,6 - Eredità carismatica per la Famiglia Paolina Padre Ugo Vanni, San Paolo e la Parola di Dio Mons. Alberto Ablondi, La Bibbia nella Chiesa oggi Don Angelo Colacrai, Itinerario biblico-spirituale (Lectio Divina) Don Antonio F. da Silva, Una proposta di interpretazione dell'esperienza Verità - Via - Vita Assemblea di Ariccia, Alcuni suggerimenti pratici (per l'impegno individuale e comunitario). Don Venanzio Floriano, Proposte per l'<> nella prima domenica del mese